Xico (Registo nº 1925)
[ vista simples ]
| 000 -Etiqueta do registo | |
|---|---|
| Cabeçalho | 00893nam a22003131 4500 |
| 005 - Identificador da versão | |
| Campo de controlo | 20240813121919.0 |
| 010 ## - Número internacional normalizado dos livros (ISBN) | |
| Número (ISBN) | 972878113X |
| 021 ## - Número do Depósito Legal | |
| Código do país | PT |
| Número | 195542/03 |
| 100 ## - Dados gerais de processamento | |
| Dados gerais de processamento | 20070528d2003 bc y0pory5003 ba |
| 102 ## - Pais de publicação ou produção | |
| País de publicação | Portugal |
| 101 0# - Língua de publicação | |
| Língua do texto, banda sonora, etc. | Português |
| Língua do documento no original | Galego |
| 106 ## - Campo de dados codificados: material textual | |
| Dados codificados do material textual | r |
| 105 ## - Campo de dados codificados: livros | |
| Dados codificados dos livros | a z 000fy |
| 215 ## - Descrição física | |
| Indicação específica da natureza do documento e extensão da espécie | [34] p. |
| Outras indicações físicas | todo il. |
| Dimensões | 23 cm |
| 200 1# - Titulo e menção de responsabilidade | |
| Título próprio | Xico |
| Primeira menção de responsabilidade | texto de Paula Carballeira |
| Outras menções de responsabilidade | il. Blanca Barrio |
| -- | trad. Alexandre Honrado |
| 225 2# - Colecção | |
| Título próprio da colecção | Livros para sonhar |
| 205 ## - Menção da edição | |
| Menção da edição | 1ª ed. |
| 210 ## - Publicação, Distribuição, etc. | |
| Lugar da edição, distribuição, etc. | Lisboa |
| Nome do editor, distribuidor, etc. | Kalandraka |
| Data da publicação, distribuição, etc. | 2003 |
| 304 ## - Notas relativas a título e menção de responsabilidade | |
| Texto da nota | Tít. orig.: Paco |
| 606 ## - Nome comum usado como assunto | |
| Número de registo de entrada de autoridade | 0000001 |
| Palavra de ordem | Literatura estrangeira infantil |
| Subdivisão de assunto | Conto |
| 675 ## - Classificação Decimal Universal (CDU) | |
| Notação | 82-34 |
| Edição | 2ª |
| Língua da edição | por |
| 702 #1 - Nome de autor-pessoa física (responsabilidade secundária) | |
| Número de registo de entrada de autoridade | 0000515 |
| Palavra de ordem | Honrado |
| Outra parte do nome não tomada para palavra de ordem | Alexandre |
| Código de função | Tradutor |
| 701 #1 - Nome de autor-pessoa física (co-responsabilidade principal) | |
| Palavra de ordem | Barrio |
| Outra parte do nome não tomada para palavra de ordem | Blanca |
| Código de função | Ilustrador / Técnico de desenho computorizado |
| 700 #1 - Nome de autor-pessoa física (responsabilidade principal) | |
| Número de registo de entrada de autoridade | 0000532 |
| Palavra de ordem | Carballeira |
| Outra parte do nome não tomada para palavra de ordem | Paula |
| 942 ## - Elementos de entrada adicionados (Koha) | |
| Tipo de item no Koha | Livro |
| Situação do levantamento | Origin of item (home branch) (coded) | Biblioteca de empréstimo | Código de barras | Cota | Circulation type (not for loan) | Tipo de documento | Nota do exemplar | Damaged status |
|---|---|---|---|---|---|---|---|---|
| Biblioteca Escolar da Coca Maravilhas | Biblioteca Escolar da Coca Maravilhas | BECM7796/07 | 8EST CAR | Livro | Sem mensagem |
